| 000 | 005780000a22001930004500 | ||
|---|---|---|---|
| 090 |
_aAR _b03797 |
||
| 245 | 1 | 0 |
_aReport on the birds of Iguaque _snational park in Colombia |
| 650 | 1 | 4 |
_aAves _992429 |
| 650 | 1 | 4 |
_aListas de aves _996886 |
| 650 | 1 | 4 |
_aParques nacionales _995580 |
| 650 | 1 | 4 |
_aObservación de aves _997592 |
| 651 | 4 |
_lSantuario de Fauna y Flora de Iguaque _dBoyacá _pColombia _992749 |
|
| 041 | 0 | _aInglés | |
| 700 | 1 |
_aRowe, S. _997593 |
|
| 700 | 1 |
_aWhittingham, M. _997594 |
|
| 100 | 1 |
_aMcNeil, D. _997595 |
|
| 942 | _cARTICULO | ||
| 773 | 1 |
_tPreprint _q1-6 _d1990 |
|
| 999 |
_c12833 _d12833 |
||